Online
Catalog

Educación, democracia, ciudadanización y construcción de identidades nacionales / (Record no. 28311)

MARC details
000 -CABECERA
campo de control de longitud fija 00790nam a2200241 a 4500
001 - NÚMERO DE CONTROL
campo de control 000028819
003 - IDENTIFICADOR DEL NÚMERO DE CONTROL
campo de control DO-SdBNP
005 - FECHA Y HORA DE LA ÚLTIMA TRANSACCIÓN
campo de control 20250123131622.0
007 - CAMPO FIJO DE DESCRIPCIÓN FÍSICA--INFORMACIÓN GENERAL
campo de control de longitud fija ta
008 - DATOS DE LONGITUD FIJA--INFORMACIÓN GENERAL
campo de control de longitud fija 110412s1996 dr 000 0 spa d
020 ## - NÚMERO INTERNACIONAL ESTÁNDAR DEL LIBRO
Número Internacional Estándar del Libro 8492184531
040 ## - FUENTE DE LA CATALOGACIÓN
Centro catalogador/agencia de origen DO-SdBNP
Lengua de catalogación spa
Centro/agencia transcriptor BNPHU
082 ## - NÚMERO DE LA CLASIFICACIÓN DECIMAL DEWEY
Número de clasificación xxx
Número de documento/Ítem V715e
100 ## - ENTRADA PRINCIPAL--NOMBRE DE PERSONA
Nombre de persona Villamán, Marcos,
9 (RLIN) 31096
Fechas asociadas al nombre 1950-
245 10 - MENCIÓN DE TÍTULO
Título Educación, democracia, ciudadanización y construcción de identidades nacionales /
Mención de responsabilidad, etc. Marcos Villamán, Raymundo González ; presentación Rocío Hernández Mella.
260 ## - PUBLICACIÓN, DISTRIBUCIÓN, ETC.
Lugar de publicación, distribución, etc. Santo Domingo :
Nombre del editor, distribuidor, etc. PREAL :
-- FLACSO,
Fecha de publicación, distribución, etc. 1996.
300 ## - DESCRIPCIÓN FÍSICA
Extensión 54 p. ;
Dimensiones 28 cm.
590 ## - NOTA LOCAL (RLIN)
Nota local Inventariado, 2023/ YL
700 ## - PUNTO DE ACCESO ADICIONAL--NOMBRE DE PERSONA
Nombre de persona González, Raymundo
9 (RLIN) 6373
700 1# - PUNTO DE ACCESO ADICIONAL--NOMBRE DE PERSONA
Nombre de persona Hernández Mella, Rocio
Término indicativo de función/relación pre.
9 (RLIN) 12263
910 ## - DATOS DE OPCIÓN DEL USUARIO (OCLC)
Datos de opción del usuario YLockward
942 ## - ELEMENTOS DE PUNTO DE ACCESO ADICIONAL (KOHA)
Fuente del sistema de clasificación o colocación Dewey Decimal Classification
Tipo de ítem Koha Libro
Holdings
Estado de retiro Estado de pérdida Fuente del sistema de clasificación o colocación Restricciones de uso No para préstamo Código de colección Localización permanente Ubicación/localización actual Ubicación en estantería Fecha de adquisición Número de inventario Signatura topográfica completa Código de barras Fecha visto por última vez Número de copia Precio válido a partir de Tipo de ítem Koha Total de préstamos
    Dewey Decimal Classification Préstamo en sala   Dominicana de Servicio Biblioteca Nacional Pedro Henríquez Ureña Biblioteca Nacional Pedro Henríquez Ureña En catalogación 12.04.2011 LF1 xxx V715e 28819-30 25.06.2020 e. 3 25.06.2020 Libro  
    Dewey Decimal Classification Excluido de préstamo   Patrimonio Dominicano Biblioteca Nacional Pedro Henríquez Ureña Biblioteca Nacional Pedro Henríquez Ureña En catalogación 12.04.2011 LF1 xxx V715e 28819-10 25.06.2020   25.06.2020 Libro  
    Dewey Decimal Classification Excluido de préstamo   Patrimonio Dominicano Biblioteca Nacional Pedro Henríquez Ureña Biblioteca Nacional Pedro Henríquez Ureña En catalogación 12.04.2011 LF1 xxx V715e 28819-20 25.06.2020 e. 2 25.06.2020 Libro  
    Dewey Decimal Classification Préstamo en sala   Dominicana de Servicio Biblioteca Nacional Pedro Henríquez Ureña Biblioteca Nacional Pedro Henríquez Ureña En catalogación 20.04.2022 LF1 xxx V715e 2023-0655 03.02.2023 e. 4 25.06.2020 Libro  
    Dewey Decimal Classification Préstamo en sala   Dominicana de Servicio Biblioteca Nacional Pedro Henríquez Ureña Biblioteca Nacional Pedro Henríquez Ureña En catalogación 20.04.2022 LF1 xxx V715e 2023-0656 03.02.2023 e. 5 25.06.2020 Libro  

Powered by Koha